Pramene práva v oblasti reklamy v právnom poriadku Slovenskej republiky

Všeobecná právna úprava pre oblasť reklamy v Slovenskej republike. Zákon č. 147/2001 Z. z., o reklame a doplnení niektorých zákonov v z.n.p. Skupina zákonov, ktoré rámcovo riešia problematiku niektorých aspektov reklamy.

Gespeichert in:
Bibliographische Detailangaben
1. Verfasser: Vozár, Jozef
Format: Buchkapitel
Sprache:Slowakisch
Schlagworte:
Tags: Tag hinzufügen
Keine Tags, Fügen Sie das erste Tag hinzu!

MARC

LEADER 00000naa a2200000 4500
001 0135064
005 20231127091113.3
041 0 |a slo 
044 |a SK 
245 1 0 |a Pramene práva v oblasti reklamy v právnom poriadku Slovenskej republiky  |c Jozef Vozár 
520 |a Všeobecná právna úprava pre oblasť reklamy v Slovenskej republike. Zákon č. 147/2001 Z. z., o reklame a doplnení niektorých zákonov v z.n.p. Skupina zákonov, ktoré rámcovo riešia problematiku niektorých aspektov reklamy. 
610 2 0 |a reklama 
610 2 0 |a prostriedky reklamné 
610 2 0 |a taktika reklamy 
610 2 0 |a metódy propagačné 
610 2 0 |a trh reklamný 
610 2 0 |a súťaž hospodárska 
610 2 0 |a poriadok právny 
610 2 0 |a úpravy právne 
610 2 0 |a zákony 
100 1 |a Vozár, Jozef